00641nam a2200157 a 450000100100000000500170001000800410002704000250006808200150009311000820010824500620019026000800025230000210033295201130035399900170046600002430220200930022906.0110126s19uu dr r 000 0 spa d aDO-SdBNPbspacBNPHU axxxbR426d1 aRepública DominicanabSecretaría de Estado de Relaciones Exteriores9225610aDocumentos histórico procedentes del archivo de Indias. aSanto Domingo :bSecretaría de Estado de Relaciones Exteriores,c[19--?]. a117 p. ;c32 cm. 0010718PDaPDbPDcHDd2011-01-26iLF1l0oxxx R426dp24302-10r2020-06-25w2020-06-25yLFPDZNo se presta c23795d23795